[Event "Profesional"]
[Site "SchemingMind.com"]
[Date "2009.08.24"]
[Round "-"]
[White "andu"]
[Black "Saiidcd"]
[Result "1/2-1/2"]
[WhiteCountry "AUT"]
[BlackCountry "LBN"]
[WhiteElo "1957"]
[WhiteRD "51"]
[BlackElo "2206"]
[BlackRD "98"]
[GameID "217228"]

1. e4 c5 2. Nf3 d6 3. Nc3 Nf6 4. d4 cxd4 5. Nxd4 g6 6. Be3 Bg7 7. Be2 O-O 8. O-O Nc6 9. Nxc6 bxc6 10. f3 c5
11. Qe1 Rb8 12. b3 Be6 13. Rd1 Qc7 14. Kh1 Rb7 15. Ba6 Rb6 16. Qe2 Ng4 17. fxg4 Bxc3 18. Bh6 Bg7 19. Bxg7 Kxg7 20. Bc4 Qd7
21. h3 Bxc4 22. Qxc4 Qb5 23. Qc3+ f6 24. g5 Qb4 25. Qe3 Qb5 26. a4 Qa6 27. gxf6+ exf6 28. Rf3 Rb4 29. c4 Qc6 30. Qf4 Rb6
31. Rfd3 Rd8 32. Rf1 Rf8 33. Rfd1 Rd8 34. Rf3=
1/2-1/2